| 000 | 00641nam a2200241Ia 4500 | ||
|---|---|---|---|
| 003 | OSt | ||
| 005 | 20220918204040.0 | ||
| 006 | a|||||r|||| 00| 0 | ||
| 007 | ta | ||
| 008 | 220917b |||||||| |||| 00| 0 eng d | ||
| 024 | _a110,811 | ||
| 037 | _cTextual | ||
| 040 |
_aARTS _cARTS _beng |
||
| 041 |
_2eng _aeng |
||
| 082 | _aV53.K43-K10, M5 | ||
| 100 |
_aBergin J _9110543 |
||
| 245 | 0 |
_aCardinal richeliev _b power and the pursuit of wealth |
|
| 260 |
_aN Haven _bY U P _c1985 |
||
| 300 |
_aix, 341p. _ccm. |
||
| 650 | _aHISTORY | ||
| 942 |
_hV53.K43-K10, M5 _cTEXL _2CC |
||
| 999 |
_c234161 _d234161 |
||